Statistics for Most Common English Verbs

Click here to take the quiz!

General Stats

  • This quiz has been taken 70,130 times
    (46,761 since last reset)
  • The average score is 19 of 60

Answer Stats

#Verb% Correct
1be
78%
5go
78%
40run
77%
3do
74%
11see
67%
2have
64%
31talk
56%
38hear
54%
4say
54%
10take
53%
8make
51%
18give
47%
9think
44%
42like
42%
39play
42%
48write
42%
6get
41%
12come
40%
24feel
40%
14look
40%
13want
40%
50sit
38%
51stand
38%
46live
36%
19work
35%
29put
30%
17tell
30%
7know
29%
27leave
29%
58watch
28%
21try
27%
43move
26%
22ask
25%
59learn
25%
23need
24%
16find
23%
20call
22%
52lose
22%
45hold
21%
28let
21%
47bring
20%
36start
19%
32turn
18%
15use
18%
35help
17%
44believe
16%
54pay
16%
37show
16%
30keep
15%
55meet
15%
25become
13%
56set
13%
34begin
12%
60change
11%
26mean
10%
33seem
10%
49provide
9%
57continue
6%
41happen
6%
53include
6%

Score Distribution

Percentile by Number Answered

Percent of People with Each Score

Your Score History

You have not taken this quiz since the last reset